[Event "Khanty-Mansiysk FIDE GP (Women)"]
[Site "Khanty-Mansiysk"]
[Date "2014.04.17"]
[Round "8"]
[White "Muminova, Nafisa"]
[Black "Dzagnidze, Nana"]
[Result "0-1"]
[WhiteElo "2321"]
[BlackElo "2550"]
[Annotator "ChessBase Website"]
[PlyCount "100"]
[EventDate "2014.04.09"]
[EventType "tourn"]
[EventRounds "11"]
[EventCountry "RUS"]
[EventCategory "10"]
[SourceTitle "CBM 160"]
[Source "ChessBase"]
[SourceDate "2014.05.15"]
[SourceVersion "1"]
[SourceVersionDate "2014.05.15"]
[SourceQuality "1"]
[TimeControl "40/5400+30:1800+30"]
[WhiteClock "1:30:00"]
[BlackClock "1:30:00"]

1. e4 {[%emt 0:00:00]} c5 {[%emt 0:00:00]} 2. Nf3 {[%emt 0:00:00]} Nc6 {
[%emt 0:00:00]} 3. Bb5 {[%emt 0:00:00]} d6 {[%emt 0:01:09]} 4. O-O {[%emt 0:00:
26]} Bd7 {[%emt 0:00:08]} 5. c3 {[%emt 0:00:48]} a6 {[%emt 0:03:29]} 6. Ba4 {
[%emt 0:00:09]} Nf6 {[%emt 0:02:25]} 7. Re1 {[%emt 0:00:45]} c4 {[%emt 0:03:10]
} 8. Bc2 {[%emt 0:07:10]} Bg4 {[%emt 0:06:16]} 9. h3 {[%emt 0:07:16]} (9. b3
cxb3 10. axb3 e6 11. d4 d5 12. Bg5 Be7 13. Bxf6 Bxf6 14. exd5 Qxd5 15. Be4 Qd6
16. Nbd2 O-O 17. Qc2 h5 18. Nc4 Qc7 19. Bxc6 Qxc6 20. Nfe5 Qc7 21. Nxg4 hxg4
22. Re4 Rac8 23. Rxg4 b5 24. Nd2 Rfd8 25. Qd3 Qxc3 26. Qxc3 Rxc3 27. Ne4 Bxd4
28. Nxc3 Bxc3 29. Rc1 Rd2 30. h4 b4 31. Rc4 a5 32. g4 Kh7 33. Kg2 e5 34. Kf3
Rb2 35. Ra1 Bd4 36. Rxa5 Rxb3+ 37. Ke4 Bxf2 38. Rxe5 Re3+ {Bologan,V (2686)
-Wang,H (2691) Poikovsky 2008 1/2-1/2}) 9... Bh5 {[%emt 0:01:07]} 10. b3 {
[%emt 0:14:52]} cxb3 {[%emt 0:04:21]} 11. axb3 {[%emt 0:02:19]} Ne5 $146 {
[%emt 0:09:14]} (11... e5 12. d3 Be7 13. Nbd2 d5 14. Bb2 O-O 15. exd5 Nxd5 16.
Nf1 Rc8 17. Ng3 Bg6 18. Qd2 Qc7 19. Ne4 Rfd8 20. Rac1 h6 21. Red1 Qb6 22. Qe1
Bh5 23. g4 Bg6 24. Qf1 Nf4 25. Ng3 Bc5 26. Rd2 e4 27. Nxe4 Bxe4 28. dxe4 Rxd2
29. Nxd2 Bxf2+ 30. Kh1 Qe3 31. Nc4 Qf3+ 32. Kh2 Bg3+ {0-1 (32) Fargere,F (2520)
-Smirin,I (2658) Aix-les-Bains 2011}) 12. d4 {[%emt 0:00:39]} Nxf3+ {[%emt 0:
00:20]} 13. gxf3 {[%emt 0:00:04]} e6 {[%emt 0:00:35]} 14. Nd2 {[%emt 0:02:05]}
d5 {[%emt 0:10:29]} 15. e5 {[%emt 0:04:47]} Nd7 {[%emt 0:04:07]} 16. Nf1 {
[%emt 0:01:26]} Rc8 {[%emt 0:01:08]} 17. Bd2 {[%emt 0:01:10]} Be7 {[%emt 0:16:
12]} 18. Ng3 {[%emt 0:05:14]} Bg6 {[%emt 0:00:03]} 19. f4 {[%emt 0:00:11]} Bxc2
{[%emt 0:00:10]} 20. Qxc2 {[%emt 0:00:03]} g6 {[%emt 0:00:06]} 21. Qd1 {
[%emt 0:01:04]} Nb8 {[%emt 0:02:29]} 22. Kh2 {[%emt 0:10:27]} Nc6 {[%emt 0:00:
51]} 23. Qf3 {[%emt 0:01:31]} Qd7 {[%emt 0:02:47]} 24. Ne2 {[%emt 0:03:48]} O-O
{[%emt 0:02:47]} 25. Rg1 $36 {[%emt 0:02:31][%cal Gg1g8,Gf4f5] Muminova
blundered away an excellent chance to go for a hat trick as she obtained a
crushing attack against Dzagnidze. However she misplayed it horribly and she
even managed to lose the game in a tragic turn of events.} f6 {[%emt 0:07:07]}
26. Qh5 {[%emt 0:03:22]} Bd8 {[%emt 0:06:27]} 27. f5 {[%emt 0:05:10]} exf5 {
[%emt 0:00:33]} 28. e6 {[%emt 0:05:47]} Bc7+ {[%emt 0:01:10]} 29. Kh1 {[%emt 0:
00:29]} Qxe6 {[%emt 0:05:42]} 30. Rxg6+ {[%emt 0:00:07]} Kh8 {[%emt 0:00:01]}
31. Rh6 {[%emt 0:00:29]} Rf7 {[%emt 0:02:37]} 32. Bg5 {[%emt 0:03:42]} Qe4+ {
[%emt 0:00:33]} 33. f3 {[%emt 0:00:05]} Qe7 {[%emt 0:00:03]} 34. Nf4 {[%emt 0:
00:56]} Bxf4 {[%emt 0:02:11]} 35. Bxf4 {[%emt 0:00:15]} Rg8 {[%emt 0:00:24]}
36. Qxf5 {[%emt 0:02:16]} Rgg7 {[%emt 0:01:25]} 37. Qd3 {[%emt 0:02:41]} Rf8 {
[%emt 0:00:44]} 38. Bd2 {[%emt 0:00:26]} Qd6 {[%emt 0:01:52]} 39. Rg1 {[%emt 0:
04:24]} Rxg1+ {[%emt 0:00:44]} 40. Kxg1 {[%emt 0:00:00]} Rf7 {[%emt 0:00:00]}
41. Qf5 {[%emt 0:14:29]} Ne7 {[%emt 0:05:44]} 42. Qf4 {[%emt 0:00:07]} Qe6 {
[%emt 0:09:28]} 43. Kf2 {[%emt 0:04:00]} Ng6 {[%emt 0:00:38]} 44. Qg4 {[%emt 0:
07:09]} f5 {[%emt 0:05:00]} 45. Qg5 {[%emt 0:00:30]} Re7 {[%emt 0:00:31]} 46.
Qe3 {[%emt 0:00:46]} Qd6 {[%emt 0:00:32]} 47. Qg5 {[%emt 0:00:58]} Qh2+ {
[%emt 0:00:13]} 48. Kf1 {[%emt 0:00:25]} Qe2+ {[%emt 0:00:05]} 49. Kg1 {
[%emt 0:00:45]} Qd1+ {[%emt 0:00:03]} 50. Kf2 {[%emt 0:00:33]} Re2+ {[%emt 0:
00:04]} 0-1

[Event "Paris FIDE GP"]
[Site "Elancourt"]
[Date "2013.09.22"]
[Round "1"]
[White "Fressinet, Laurent"]
[Black "Ponomariov, Ruslan"]
[Result "1/2-1/2"]
[WhiteElo "2708"]
[BlackElo "2756"]
[Annotator "ChessBase Website"]
[PlyCount "92"]
[EventDate "2013.09.22"]
[EventType "tourn"]
[EventRounds "11"]
[EventCountry "FRA"]
[EventCategory "20"]
[SourceTitle "CBM 157"]
[Source "ChessBase"]
[SourceDate "2013.11.12"]
[SourceVersion "1"]
[SourceVersionDate "2013.11.12"]
[SourceQuality "1"]
[TimeControl "40/7200:20/3600:900+30"]
[WhiteClock "2:00:00"]
[BlackClock "2:00:00"]

1. e4 {[%emt 0:00:00]} c5 {[%emt 0:01:29] Ponomariov was able to neutralize
Fressinet's White pieces without too many problems. The players kept playing
on in a strategicaly interesting game. Black was able to break through on the
queenside with b5, a standard idea in this pawn structure. White's b-pawn was
left isolated and weak, but Fressinet was able to exchange enough pieces to
make Ponomariov's d6 pawn vulnerable. With this the game further simplified
into a drawn endgame.} 2. Nf3 {[%emt 0:01:25]} d6 {[%emt 0:00:39]} 3. Bb5+ {
[%emt 0:00:07]} Nd7 {[%emt 0:00:58]} 4. d4 {[%emt 0:01:06]} cxd4 {[%emt 0:01:
51]} 5. Qxd4 {[%emt 0:00:07]} a6 {[%emt 0:00:14]} 6. Bxd7+ {[%emt 0:00:24]}
Bxd7 {[%emt 0:00:29]} 7. c4 {[%emt 0:00:19]} Nf6 {[%emt 0:03:06]} 8. Bg5 {
[%emt 0:08:09]} e6 {[%emt 0:02:41]} 9. Nc3 {[%emt 0:01:36]} Be7 {[%emt 0:12:52]
} 10. Rd1 {[%emt 0:09:48]} Bc6 {[%emt 0:10:02]} (10... Qc7 11. O-O Rc8 (11...
O-O $6 12. Bxf6 Bxf6 13. e5 {Ponomariov})) 11. O-O {[%emt 0:03:50]} O-O {
[%emt 0:02:11]} (11... Qc7) 12. Qd3 {[%emt 0:07:18]} (12. Rfe1 h6 13. Bxf6 Bxf6
14. Qxd6 Qxd6 15. Rxd6 Rfc8 16. Rd3 b5 17. cxb5 axb5 18. a3 Rab8 19. Nd4 b4 20.
Nxc6 Rxc6 21. axb4 Rxb4 22. e5 Bg5 23. g3 Rxb2 24. Ne4 Rcc2 25. Rd7 Ra2 26. Rb1
Re2 27. Rb8+ Kh7 28. Nxg5+ hxg5 29. Rxf7 Re1+ 30. Kg2 Rxe5 31. Rbb7 Rf5 32.
Rxf5 exf5 33. Rb5 Kg6 34. Rb6+ Kh5 35. Rb7 Kh6 36. Rb5 g6 37. h3 Ra3 38. Rb4
Ra2 39. Rc4 Rb2 40. Ra4 Rc2 41. Rb4 Ra2 {Bologan,V (2663)-Van Wely,L (2680)
playchess.com INT 2004 1/2-1/2}) 12... Qc7 $146 {[%emt 0:05:04]} (12... Qb6 13.
Rd2 Rfd8 14. Rfd1 h6 15. Bh4 Rac8 16. Qe2 Qc7 17. b3 b6 18. Rd3 Qb7 19. Re1 Qc7
20. Red1 Qb7 21. Re1 Qc7 22. Red1 Qb7 23. Re1 Qc7 {1/2-1/2 (23) Melkonian,S 
(2301)-Martiyanov,N Salekhard 2003}) 13. a4 {[%emt 0:09:03]} Rfd8 {[%emt 0:11:
50]} 14. Rfe1 {[%emt 0:05:03]} Rac8 {[%emt 0:01:44]} 15. Nd4 {[%emt 0:05:44]}
Be8 {[%emt 0:03:44]} 16. b3 {[%emt 0:01:18]} Qc5 {[%emt 0:03:39]} 17. Be3 {
[%emt 0:03:29]} Qa5 {[%emt 0:04:11]} 18. Bd2 {[%emt 0:01:40]} Qc5 {[%emt 0:01:
21]} 19. h3 {[%emt 0:01:37]} Nd7 {[%emt 0:03:00]} 20. Be3 {[%emt 0:02:15]} Qa5
{[%emt 0:04:11]} 21. Qd2 {[%emt 0:02:46]} Kh8 {[%emt 0:03:02]} 22. Nc2 {
[%emt 0:08:54]} Ne5 {[%emt 0:05:09]} 23. Rc1 {[%emt 0:07:10]} Nc6 {[%emt 0:04:
05]} 24. Red1 {[%emt 0:06:10]} Bf6 {[%emt 0:03:41]} 25. Nd4 {[%emt 0:02:43]}
Qb4 {[%emt 0:01:50]} 26. Rb1 {[%emt 0:02:20]} Nxd4 {[%emt 0:03:46]} 27. Bxd4 {
[%emt 0:00:09]} Bxd4 {[%emt 0:01:29]} 28. Qxd4 {[%emt 0:00:28]} b5 $132 {
[%emt 0:00:32][%csl Rb1,Rb3]} 29. axb5 {[%emt 0:00:18]} axb5 {[%emt 0:00:03]}
30. Nxb5 {[%emt 0:00:32]} Bxb5 {[%emt 0:00:11]} 31. cxb5 {[%emt 0:00:03]} Qxb5
{[%emt 0:00:09]} 32. Rbc1 {[%emt 0:01:50]} Qxb3 {[%emt 0:02:34]} 33. Rxc8 {
[%emt 0:00:20]} Rxc8 {[%emt 0:00:04]} 34. Qxd6 {[%emt 0:00:06]} h6 {[%emt 0:00:
24]} 35. Qd3 {[%emt 0:00:24]} Qxd3 {[%emt 0:00:32]} 36. Rxd3 {[%emt 0:00:06]}
g5 {[%emt 0:00:30]} 37. h4 {[%emt 0:01:58]} Kg7 {[%emt 0:00:24]} 38. hxg5 {
[%emt 0:00:28]} hxg5 {[%emt 0:00:04]} 39. f3 {[%emt 0:00:35]} Rc4 {[%emt 0:00:
54]} 40. Kf2 {[%emt 0:00:00]} g4 {[%emt 0:00:00]} 41. Kg3 {[%emt 0:00:36]} gxf3
{[%emt 0:00:23]} 42. gxf3 {[%emt 0:00:03]} Kf6 {[%emt 0:00:11]} 43. Rd7 {
[%emt 0:00:12]} Ra4 {[%emt 0:00:16]} 44. Rb7 {[%emt 0:00:07]} Rc4 {[%emt 0:00:
08]} 45. Rd7 {[%emt 0:00:04]} Ra4 {[%emt 0:00:06]} 46. Rb7 {[%emt 0:00:06]} Rc4
{[%emt 0:00:06]} 1/2-1/2

[Event "Mediterranean-ch 7th"]
[Site "Rijeka"]
[Date "2009.09.12"]
[Round "2"]
[White "Dembo, Yelena"]
[Black "Firat, Burak"]
[Result "1-0"]
[WhiteElo "2482"]
[BlackElo "2365"]
[Annotator "Dembo,Y"]
[PlyCount "75"]
[EventDate "2009.09.11"]
[EventType "swiss"]
[EventRounds "9"]
[EventCountry "CRO"]
[SourceTitle "EXT 2010"]
[Source "ChessBase"]
[SourceDate "2010.11.25"]
[SourceVersion "1"]
[SourceVersionDate "2010.11.25"]
[SourceQuality "1"]

1. e4 c5 2. Nf3 Nc6 3. Bb5 d6 4. O-O Bd7 5. c3 Nf6 6. Re1 a6 7. Bf1 Bg4 8. d3
e6 9. Nbd2 Be7 {Black allows the exchange of the light square B.} ({Another
possibility is} 9... Nd7 $5 10. h3 Bh5 11. g4 Bg6 12. d4 cxd4 13. cxd4 Be7 14.
d5 Nce5 15. dxe6 fxe6 16. Nd4 Bh4 $132 {1-0 Lahno,K (2488)-Sebag,M (2533)/Cap
d'Agde 2008/EXT 2009 (47)}) 10. h3 Bh5 (10... Bxf3 {is dubious as Black gives
up the B pair without any compensation.} 11. Nxf3 d5 12. e5 Nd7 13. d4 c4 14.
Nh2 b5 15. Qg4 $36 {1-0 De la Paz Perdomo,F (2441)-Duarte Barahona,R (2177)/
Merida 2007/CBM 121 Extra (40)}) 11. g4 Bg6 12. Nh4 Nd7 (12... d5 13. Nxg6 hxg6
14. e5 Nd7 15. Nf3 O-O 16. Bf4 b5 $132 {1/2-1/2 Sandipan,C (2593)-Zhao,Z (2487)
/Gibraltar 2008/CBM 122 Extra (66)}) 13. Nxg6 (13. Ng2 {is the main line. The
idea of white is to keep the h-file closed and to push the f-pawn forward.} e5
14. Nf3 $6 h5 15. g5 $13 {0-1 Mastrovasilis,D (2580)-Papadopoulos,I (2471)/
Plovdiv 2008/CBM 124 (73)}) 13... hxg6 14. Nf3 (14. f4 Bh4 15. Re2 g5 16. f5
Nde5 $36 {1/2-1/2 Kovchan,A (2515)-Timoshenko,G (2560)/Kiev 2008/CBM 122 Extra
(60). The position is blocked and the two B are not very useful.}) 14... Nde5 {
Black would like to exchange the Ns and the dark square Bs to be able to
control the dark squares.} 15. Nh2 $1 {Preventing the exchange and threatening
...f2-f4.} g5 {Freeing the g6-square for the N.} (15... Bh4 {is not so good
due to} 16. d4 $1 cxd4 17. cxd4 Nd7 18. d5 $14 {and white managed to open the
position in Estrada Nieto,J (2210)-Blanco Fernandez,A (2305)/Havana 1993}) 16.
d4 Ng6 (16... cxd4 17. cxd4 Ng6 18. Be3 Nf4 19. Bxf4 gxf4 20. Nf3 $14 {white
has a lot more space and active pieces.}) 17. Be3 $1 $146 {Continuing the
development.} (17. Nf3 $6 Nh4 18. Nxh4 Rxh4 19. dxc5 dxc5 20. Qxd8+ Rxd8 $11 {
1/2-1/2 Estrada Nieto,J (2356)-Fleitas Marti,Y (2217)/Aguascalientes 2008/CBM
123 Extra (67)}) 17... cxd4 {This exchange favours white as now I can start
playing on the queenside.} (17... Nf4 18. Bxf4 gxf4 19. Nf3 $14) 18. cxd4 e5 (
18... O-O $5 19. d5 Nce5 20. Rc1 $14 {the two Bs of white are very useful now.}
) 19. d5 $14 Nd4 $5 {An interesting pawn sacrifice. Black wants to get control
over the dark squares.} 20. Nf3 $1 {It is necessary to exchange the active N.}
(20. Bxd4 exd4 21. Qxd4 Bf6 22. Qb4 O-O $44) 20... Nxf3+ 21. Qxf3 Qa5 (21...
Qd7 {is probably a better place for the Q.} 22. Rac1 O-O 23. Rc4 $36) 22. Rec1
{Obviously white must gather the pieces on the queenside.} O-O 23. a3 (23. Qd1
$5 $14 {transfering the Q to b3.}) 23... Rfc8 24. Qd1 Nf4 $6 (24... Qd8 $1 {
was necessary in order to protect the b-pawn from d7.} 25. Qb3 Qd7 26. Qb4 Nf4
27. Rc3 $14) 25. Qb3 $16 {Now Black has to weaken his queenside.} b5 26. Rc2 (
26. Rc6 $5 {would have forced black to lose the c-file.} Rcb8 (26... Rxc6 27.
dxc6 Qc7 28. Rc1 Ne6 29. a4 $16) 27. Rac1 $16) 26... Rab8 (26... Qd8 27. Rac1
Qe8 28. Rc6 $16 {white controls the c-file and black pieces are very passive.})
27. Rac1 Rxc2 28. Qxc2 b4 {Black tries to get some counterplay with this pawn
sacrifice but it doesnt work.} 29. Bd2 Qb6 {[#]} 30. axb4 $1 $18 {Doubling the
pawns but opening the a-file to play on a6-pawn.} (30. Bxb4 $6 a5 31. Bc3 $16 {
the c-file is blocked, so it will take time to win.}) 30... Bd8 31. Ra1 (31.
Qc6 $5 Qd4 $140 32. Bxf4 exf4 33. Qxd6 $18) 31... g6 32. Ra4 $1 {Threatening ..
.Be3. The rest is easy.} (32. Rxa6 $2 Nxh3+ $1 $11) 32... Qb7 33. Qc6 Qa7 34.
Be3 Qe7 35. Rxa6 Rxb4 36. Ra7 $1 {Checking where the Q will go.} Qf6 (36... Qf8
37. Ra8 $18 {and the B is lost.}) 37. Qe8+ Kg7 38. Ra8 1-0

[Event "EU-ch 20th"]
[Site "Skopje"]
[Date "2019.03.25"]
[Round "7"]
[White "Edouard, Romain"]
[Black "Keymer, Vincent"]
[Result "1-0"]
[WhiteElo "2658"]
[BlackElo "2509"]
[Annotator "Edouard,R"]
[PlyCount "67"]
[EventDate "2019.03.18"]
[EventType "swiss"]
[EventRounds "11"]
[EventCountry "MKD"]
[Tiebreak "Sum of Buchholz"]
[SourceTitle "CBM 189"]
[Source "ChessBase"]
[SourceDate "2019.04.29"]
[SourceVersion "1"]
[SourceVersionDate "2019.04.29"]
[SourceQuality "1"]

1. e4 c5 2. Nf3 d6 3. Bb5+ Nd7 4. O-O a6 5. Bd3 Ngf6 6. Re1 b5 7. c4 $5 Ne5 (
7... g5 $5 {was Topalov's novelty against Carlsen in 2015. Black won that game,
but later Carlsen found improvements for White:} 8. Nxg5 Ne5 9. Be2 bxc4 10.
Nc3 $1 ({Improving on} 10. Na3 Rg8 $132 {as in Carlsen,M (2853)-Topalov,V 
(2816) Saint Louis 2015, 0-1 (40).}) 10... Rb8 11. Rf1 $5 h6 12. Nf3 Nd3 13.
Ne1 $1 Nxb2 14. Bxb2 Rxb2 15. Bxc4 Rb4 16. Qe2 Bg7 17. Nc2 Rb6 18. Rab1 $14 {
1-0 (38) Carlsen,M (2834)-Grischuk,A (2747) London 2015}) 8. Nxe5 {Not a bad
try, but surely not as good as Carlsen's move below.} (8. Bf1 $1 Nxc4 9. a4 $1
Bd7 10. d4 cxd4 11. Nxd4 e5 12. axb5 exd4 13. Bxc4 axb5 14. Rxa8 Qxa8 15. Bb3
Be7 16. Qxd4 O-O 17. Nc3 $14 {1/2-1/2 (70) Carlsen,M (2872)-Nakamura,H (2776)
SUI 2014}) 8... dxe5 9. Bf1 (9. Qb3 $5 b4 10. Bc2 $5 {with the idea a3 or Qg3
might be a good try.}) 9... b4 10. d3 e6 (10... Bb7 11. a3 a5 {was the
alternative:} 12. Qf3 $5 e6 13. Qg3 Nd7 {with the idea ...g6 or ...h5. Black
is solid.}) 11. Nd2 $6 (11. a3 $1 {first was more precise.}) 11... Bd6 $6 (
11... a5 $1 12. a3 Bb7 {just equalizes.}) 12. a3 Nd7 13. Nb3 a5 $6 {Just a
huge loss of time - Black should castle right away.} (13... bxa3 14. Rxa3 $36 {
/\Bd2}) 14. axb4 cxb4 15. Be3 $5 $146 (15. d4 $5 exd4 16. Nxd4 Qb6 17. Be3 Bc5
18. Nb3 Bxe3 19. Rxe3 a4 $2 (19... O-O $142) 20. c5 $1 Qc6 21. Nd4 Qxc5 22. Rc1
Qb6 23. Nc6 $1 $18 {1-0 (42) Bacrot,E (2708)-So,W (2812) Paris 2017}) (15. Qg4
$5) 15... O-O (15... Bb7 16. d4 exd4 17. Nxd4 $14) 16. c5 $5 Bc7 17. d4 {
White got all he wanted!} Nf6 (17... exd4 18. Nxd4 $1 Nxc5 19. Rc1 $1 Bb6 (
19... Nxe4 $2 20. Qc2 $18) 20. Nc6 Qxd1 21. Rexd1 Na4 22. Bxb6 Nxb6 23. Rd6 Na4
24. Bb5 Nxb2 25. Rd2 $16) 18. Bb5 (18. f3 $5) 18... Rb8 19. Bc6 exd4 20. Nxd4
Bb7 21. Bxb7 Rxb7 22. Qf3 Be5 $2 (22... Qa8 23. h3 $16) 23. Nc6 Qc7 24. Nxe5
Qxe5 25. c6 Rb5 26. Bf4 $1 Qd4 (26... Qxb2 27. c7 (27. Rac1 $5) 27... Rc5 28.
Bd6 Rc3 29. Bxf8 $18) 27. c7 e5 28. Rac1 Qd7 29. Red1 Qc8 30. Qh3 Ng4 31. Rd8
Rxd8 32. cxd8=Q+ Qxd8 33. Qxg4 h5 34. Qxh5 1-0

[Event "EU-Cup 35th"]
[Site "Budva"]
[Date "2019.11.16"]
[Round "7.15"]
[White "Subelj, Jan"]
[Black "Edouard, Romain"]
[Result "0-1"]
[WhiteElo "2398"]
[BlackElo "2635"]
[Annotator "Edouard,R"]
[PlyCount "104"]
[EventDate "2019.11.10"]
[EventType "team-swiss"]
[EventRounds "7"]
[EventCountry "MNE"]
[SourceTitle "CBM 193 Extra"]
[Source "ChessBase"]
[SourceDate "2020.01.31"]
[SourceVersion "1"]
[SourceVersionDate "2020.01.31"]
[SourceQuality "1"]
[WhiteTeam "Maribor"]
[BlackTeam "Gent"]
[WhiteTeamCountry "SLO"]
[BlackTeamCountry "BEL"]

1. e4 c5 2. Nf3 d6 3. Bb5+ Nd7 4. c3 Ngf6 5. Qe2 a6 6. Ba4 g6 7. O-O (7. d4 {
immediately allows} Qa5 $1 $132) 7... Bg7 8. d4 b5 9. Bc2 (9. Bb3 {allows} cxd4
10. cxd4 Bb7 $1 {counter-attacking the e4-pawn, and after} 11. e5 (11. Nc3 $6 {
just work work:} b4 12. Bxf7+ $2 Kxf7 13. Ng5+ Ke8 14. Ne6 Qa5 $17) 11... dxe5
12. dxe5 Nd5 13. e6 (13. Rd1 e6 14. Bxd5 Bxd5 15. Nc3 Bxf3 16. Qxf3 O-O $11)
13... fxe6 14. Ng5 Nc5 15. Nxe6 Nxe6 16. Qxe6 Rf8 $1 {Black is fine. He wants .
..Qd6 or ...Rc8 next.}) 9... cxd4 10. cxd4 O-O $6 {Not repeating ...Nb6 as I
played earlier this year, the latter is probably a better move.} (10... Nb6 11.
b3 $5 O-O 12. a4 bxa4 (12... Bg4 $5) 13. bxa4 Qc7 $5 (13... Bg4 14. h3 Bxf3 15.
Qxf3 e5 16. d5 Qc7 17. Qe2 $36 {½-½ (26) Macovei,A (2352)-Kelires,A (2505)
Paleochora 2017}) 14. Bd3 (14. h3 Bd7 $1 15. Bb3 d5 16. e5 Ne4 $132) (14. a5
Nc4 $132) 14... Bg4 (14... Bd7 $5 15. a5 Na4 $1 {is fine for Black, e.g.} 16.
Qd1 Nc3 17. Nxc3 Qxc3 18. Bg5 Bb5 19. Bxb5 axb5 20. Qe1 Qxe1 21. Rfxe1 Ra6 22.
Bd2 Rb8 23. Bb4 e6 24. Rac1 d5 25. e5 Ne4 $11) 15. a5 Bxf3 16. gxf3 $2 (16.
Qxf3 Nc4 17. Bf4 $1 Nxa5 18. Rc1 {would give White huge compensation.}) 16...
Nbd7 17. Be3 Nh5 18. Rc1 Qd8 19. Na3 e5 $17 {½-½ (41) Godart,F (2419)
-Edouard,R (2642) Brest 2019}) (10... Bb7 $6 {isn't so great with the bishop
on c2:} 11. a4 O-O 12. Re1 bxa4 13. Rxa4 e5 14. dxe5 dxe5 15. Be3 Qe7 16. Nc3
Nh5 17. Nd5 Bxd5 {My opponent accepted my draw offer but he should be slightly
better; ½-½ (17) Gharamian,T (2654)-Edouard,R (2636) Cap d'Agde 2015.}) 11.
e5 {The logical reaction.} Ne8 12. e6 fxe6 13. Ng5 (13. Qxe6+ $1 Kh8 14. Qe4 {
followed for example with Qh4, should give White some advantage.}) 13... Nc7
14. Bd2 a5 $1 {Not forced - but it is just good to prevent Ba5.} 15. Bb3 (15.
h4 {would lead to a big mess, for example:} Nf6 16. h5 Nxh5 17. Nxh7 Rf5 $13)
15... Nf6 16. Nxe6 Bxe6 17. Bxe6+ Kh8 ({There was nothing wrong with} 17...
Nxe6 18. Qxe6+ Rf7 {- but I decided to keep more pieces alive.}) 18. Bh3 Nh5
19. Qe4 d5 20. Qh4 Qd6 21. g3 b4 22. Be3 e5 23. Nd2 Nf4 $5 (23... e4 24. Nb3
Nb5 25. Rad1 {and White is just in time to reorganize himself.}) 24. Bxf4 $6 (
24. dxe5 Nxh3+ 25. Qxh3 Bxe5 26. Rad1 $1 {shouldn't be much for Black.}) 24...
exf4 25. Nf3 Rae8 26. Kg2 Re4 (26... Re2 $5 {would be strong as well:} 27. Rae1
Bf6 $1 28. Qg4 $2 Rxb2 $19) 27. Rae1 h6 (27... Bf6 $5 28. Qh6 Nb5 {was very
strong according to the engine - but during the game I thought my move was
better.}) 28. Rxe4 (28. Qg4 $1 fxg3 29. Rxe4 dxe4 30. Ne5 {would give White
great drawing chances.}) 28... dxe4 29. Ne5 Kh7 30. Rc1 (30. Qg4 Bxe5 31. dxe5
Qxe5 32. gxf4 Rxf4 33. Qd7+ Kg8 $17) 30... Bxe5 31. dxe5 Qxe5 32. gxf4 Rxf4 33.
Qd8 $2 (33. Rc5 $1 {was required.}) 33... Rf7 34. Kh1 h5 (34... e3 35. fxe3
Qxb2 $1 (35... Qxe3 $2 36. Rf1 $1 {was the reason why I rejected 34...e3}) 36.
Rxc7 $6 Qb1+ 37. Kg2 Qf1+ 38. Kg3 Qf3+ 39. Kh4 g5+ $19) 35. Qd2 Ne6 36. Bxe6
Qxe6 37. Qd4 Rd7 38. Qe3 Qxa2 39. Qxe4 Qxb2 40. Rc6 Qg7 41. Rc5 Qf6 42. Rxa5 {
Black is completely winning, but over the board it isn't so easy to figure out
how!} Kg7 (42... Re7 $1 43. Ra6 (43. Qxb4 Qf3+ 44. Kg1 Re2 $19) 43... Qf7 $1
44. Qd3 b3 {and ...Rb7 can't be avoided.}) 43. Kg2 Rf7 44. f3 b3 45. Rb5 Qb2+
46. Kg3 Qc3 ({The engine claims} 46... h4+ {is good, but even after} 47. Qxh4
Qa1 $1 48. Kg2 Rc7 49. Rc5 $1 Rxc5 50. Qe7+ Kh6 51. Qxc5 Qf6 {it is not
obvious to me that this should be winning.}) 47. Kg2 $2 (47. h4 $1 {and White
has serious drawing chances.}) 47... Qd2+ 48. Kg3 $2 {A second serious blunder
in a row.} (48. Kf1 Rd7 49. Rb7 Kh7 $19) 48... h4+ $1 49. Kh3 (49. Qxh4 Qe1+
$19) (49. Kxh4 Rf4+ $19) 49... Qd7+ 50. Kg2 Qxb5 51. Qd4+ Rf6 52. Qa7+ Kh6 0-1